000
00243nam a2200109Ia 4500
008
230907s9999||||xx |||||||||||||| ||und||
082
_a
620.5
_b
RAT
245
0
_a
Nanotechnology /
260
_a
Pearson,
_c
2006
300
_a
185 p.
942
_c
BK
999
_c
598611
_d
598611